000 00751cab a2200205 4500
001 ABS43101
008 090401t1990 xxu||||| |||| 00| 0 eng d
035 _a(Sirsi) u40446
041 _aeng
100 _aDay, M.
245 _aEnvironmental assessment regulations - response of the development sector
260 _c1990
350 _a0
490 _aEstates Gazette
_v(9028) 14 July 1990, 48-50(2)
520 _aThe system of EA is examined. The authors assess how effective EAs have been in terms of development and planning. Concludes with looking at the future of assessments. EC legislation is expected to extend the process further.
690 _aPLANNING LAW AND PRACTICE
700 _aDavis, M.
942 _n0
948 _c04/03/1997
999 _c25924
_d25924